|
|
|
|
| LEADER |
00000nam0a2200000 4500 |
| 001 |
149770 |
| 005 |
20231101221438.0 |
| 010 |
|
|
|a 9785276013312
|
| 035 |
|
|
|a (RuTPU)RU\TPU\book\162375
|
| 090 |
|
|
|a 149770
|
| 100 |
|
|
|a 20081222d2008 m y0rusy50 ca
|
| 101 |
0 |
|
|a rus
|
| 102 |
|
|
|a RU
|
| 105 |
|
|
|a a j 001zy
|
| 200 |
1 |
|
|a Автоматические комплексы в литейном производстве
|e учебное пособие
|f В. С. Шуляк
|g Московский государственный индустриальный университет (МГИУ)
|
| 210 |
|
|
|a Москва
|c МГИУ
|d 2008
|
| 215 |
|
|
|a 132 с.
|c ил.
|
| 320 |
|
|
|a Литература: с. 131.
|
| 330 |
|
|
|a Учебное пособие «Автоматические комплексы в литейном производстве» предназначено для студентов специальности 150204 «Машины и технология литейного производства». Содержит сведения по применению автоматических и механизированных комплексов в условиях серийного, крупносерийного и массового производства отливок в разовые песчано-глинистые формы и о специальных видах литья. Приводятся схемы, описания автоматических, полуавтоматических и механизированных комплексов, технико-экономические показатели и указаны страны-производители оборудования.
|
| 606 |
1 |
|
|a Литейное производство
|x Автоматизация
|2 stltpush
|3 (RuTPU)RU\TPU\subj\40293
|9 60150
|
| 610 |
1 |
|
|a автоматические комплексы
|
| 610 |
1 |
|
|a смесеприготовление
|
| 610 |
1 |
|
|a формовка
|
| 610 |
1 |
|
|a заливка
|
| 610 |
1 |
|
|a выбивка
|
| 610 |
1 |
|
|a формы
|
| 610 |
1 |
|
|a стержни
|
| 610 |
1 |
|
|a производство
|
| 610 |
1 |
|
|a отливки
|
| 610 |
1 |
|
|a финишная обработка
|
| 610 |
1 |
|
|a комплексные автоматические линии
|
| 610 |
1 |
|
|a механизированные комплексы
|
| 610 |
1 |
|
|a литье
|
| 610 |
1 |
|
|a непрерывное литье
|
| 610 |
1 |
|
|a формовка
|
| 610 |
1 |
|
|a шихтовка
|
| 610 |
1 |
|
|a плавильные печи
|
| 610 |
1 |
|
|a загрузка
|
| 610 |
1 |
|
|a учебные пособия
|
| 675 |
|
|
|a 621.74:658(075.8)
|v 3
|
| 700 |
|
1 |
|a Шуляк
|b В. С.
|g Валентин Саввович
|
| 712 |
0 |
2 |
|a Московский государственный индустриальный университет (МГИУ)
|2 stltpush
|3 (RuTPU)RU\TPU\col\11073
|
| 801 |
|
1 |
|a RU
|b 63413507
|c 20081222
|g PSBO
|
| 801 |
|
2 |
|a RU
|b 63413507
|c 20131014
|g PSBO
|
| 900 |
|
|
|a Литейное производство
|
| 900 |
|
|
|a Автоматизация металлургических процессов
|
| 900 |
|
|
|a Автоматизация производственных процессов
|
| 900 |
|
|
|a Автоматизация технологических процессов
|
| 900 |
|
|
|a Автоматизация технологических процессов и производств
|
| 942 |
|
|
|c BK
|
| 951 |
|
|
|b 150204
|b 150200
|